00538nmm a2200169Ia 4500008004100000020001500041041000800056100003800064245006800102264006900170300001800239490002200257650001500279856005000294942000700344999001700351251105s9999||||xx |||||||||||||||||und|| a8477336881 aspa aBeltrán Lloris, Francisco (ed.) 0aAntiqua Iuniora : en torno al Mediterráneo en la Antigüedad a[Madrid, España] :bPrensas Universitarias de Zaragoza, c2004 a270 páginas aCiencias sociales aArcheology uhttps://public.digitaliapublishing.com/a/2579 cCF c73404d73404